Some luck / (Record no. 96054)
[ view plain ]
| 000 -LEADER | |
|---|---|
| fixed length control field | 01288nam a22003017a 4500 |
| 005 - DATE AND TIME OF LATEST TRANSACTION | |
| control field | 20170824114608.0 |
| 010 ## - LCCN (DPL NO) | |
| LC control number | 1516EN07 ENG-114963 |
| 020 ## - INTERNATIONAL STANDARD BOOK NUMBER | |
| International Standard Book Number | 9781447275602 |
| Terms of availability | 399.00 |
| 020 ## - INTERNATIONAL STANDARD BOOK NUMBER | |
| International Standard Book Number | 9781447275602 |
| Terms of availability | 450.00 (AV) |
| 035 ## - SYSTEM CONTROL NUMBER | |
| System control number | EN-98495 |
| 035 ## - SYSTEM CONTROL NUMBER | |
| System control number | B-615088-91 |
| 035 ## - SYSTEM CONTROL NUMBER | |
| System control number | B-667757 |
| 037 ## - SOURCE OF ACQUISITION | |
| Stock number | dpl |
| Source of stock number/acquisition | KKP/Ven |
| 037 ## - SOURCE OF ACQUISITION | |
| Source of stock number/acquisition | DBAD/PUB |
| 082 ## - DEWEY DECIMAL CLASSIFICATION NUMBER | |
| Classification number | N |
| 100 ## - MAIN ENTRY--PERSONAL NAME | |
| Personal name | Smiley, Jane |
| 245 ## - TITLE STATEMENT | |
| Title | Some luck / |
| Statement of responsibility, etc | by Jane Smiley |
| 260 ## - PUBLICATION, DISTRIBUTION, ETC. (IMPRINT) | |
| Place of publication, distribution, etc | London |
| Name of publisher, distributor, etc | Picador |
| Date of publication, distribution, etc | 2015 |
| 270 ## - ADDRESS | |
| Address | Pan Macmilan, 20 New Wharf Road |
| City | London |
| Postal code | NI 9RR |
| 300 ## - PHYSICAL DESCRIPTION | |
| Extent | 623p. |
| Dimensions | 19cm(pbk) |
| 520 ## - SUMMARY, ETC. | |
| Summary, etc | "An epic novel that spans thirty years in the lives of a farm family in Iowa, telling a parallel story of the changes taking place in America from 1920 through the early 1950s"--Provided by publisher. |
| 650 ## - SUBJECT ADDED ENTRY--TOPICAL TERM | |
| Topical term or geographic name as entry element | Rural families |
| Form subdivision | Fiction. |
| 650 ## - SUBJECT ADDED ENTRY--TOPICAL TERM | |
| Topical term or geographic name as entry element | Farm life |
| Form subdivision | Fiction. |
| 650 ## - SUBJECT ADDED ENTRY--TOPICAL TERM | |
| Topical term or geographic name as entry element | Social change |
| Geographic subdivision | United States |
| General subdivision | History |
| Chronological subdivision | 20th century |
| Form subdivision | Fiction. |
| 942 ## - ADDED ENTRY ELEMENTS (KOHA) | |
| Source of classification or shelving scheme | Dewey Decimal Classification |
| Item type | English Books |
| Call number suffix | SMI |
| Classification part | N |
| Withdrawn status | Lost status | Not for loan | Collection code | Home library | Current library | Date acquired | Source of acquisition | Cost, normal purchase price | Full call number | Barcode | Copy number | Cost, replacement price | Koha item type |
|---|---|---|---|---|---|---|---|---|---|---|---|---|---|
| Fiction | Ashok Vihar | Ashok Vihar | 18/02/2016 | DBAD/PUB | 399.00 | N SMI | EN-98495 | 1 | 399.00 | English Books | |||
| Fiction | Ashok Vihar | Ashok Vihar | 24/08/2017 | KKP/279/24.2.2017/394/15.2.2017/17.3.2017 | 450.00 | N SMI | B-667757 | 1 | 450.00 | English Books | |||
| Fiction | Bawana | Bawana | 25/07/2016 | BL70/1.10.2015/122/16.9.2015/4.11.2015 | 399.00 | N SMI | B-615091 | 1 | 399.00 | English Books | |||
| Fiction | Central Library | Central Library | 25/07/2016 | BL70/1.10.2015/122/16.9.2015/4.11.2015 | 399.00 | N SMI | B-615088 | 1 | 399.00 | English Books | |||
| Fiction | Patel Nagar | Patel Nagar | 25/07/2016 | BL70/1.10.2015/122/16.9.2015/4.11.2015 | 399.00 | N SMI | B-615089 | 1 | 399.00 | English Books | |||
| Fiction | Sarojini Nagar | Sarojini Nagar | 25/07/2016 | BL70/1.10.2015/122/16.9.2015/4.11.2015 | 399.00 | N SMI | B-615090 | 1 | 399.00 | English Books |
